000 00242nam a22001097a 4500
008 140219t xxu||||| |||| 00| 0 eng d
020 _a0-328-10239-3
100 _aScott Foresman
_9758
245 _aMathematics
300 _a749
942 _2ddc
_cBK
999 _c17015
_d17015